LEADER 01013nam a2200229 i 4500 001 000000132059 003 CaOOAMICUS 005 20070725000000.0 008 070725s1975 it u000 u ita u 013 $a105001 040 $aSeMil$bita 100 1 $aPapasogli, Giorgio,$d<1906-1996>.$0(OLS)http://semarc/name/15732 245 10$aGiuseppe Moscati, vita di un medico santo /$cGiorgio Papasogli. 260 $aRoma :$bPostulazione Generale della Compagnia di Gesù,$c1975. 300 $aXII, 210 p. ;$c19 cm. 500 $aIn Appendice : Epistolario di Giuseppe Moscati. 600 14$aMoscati, Giuseppe .$0(OLS)http://semarc/subject/16300 850 $aSeMil 852 $aSeMil$W1$xVenegono$y1$m3H I 432$j241258$B245344$CSeMilBibl$Z2$F245344 $81 961 $aOmaggio: Lattuada mons. Giovanni 996 $6245$aGiuseppe Moscati, vita di un medico santo$9(OLS)http://semarc/title/194103 996 $6260$aRoma :$bPostulazione Generale della Compagnia di Gesù$9(OLS)http://semarc/publisher/44582 LEADER 01029nam a2200229 i 4500 001 000000177136 003 CaOOAMICUS 005 20090115000000.0 008 090115s1926 it u000 u mul u 013 $a154644 040 $aSeMil$bita 100 1 $aXenophon : Ephesius.$0(OLS)http://semarc/name/65908 245 14$aLes Éphésiaques ou Le roman d'Habrocomès et d'Anthia /$cXenophon d'Éphèse ; texte établi et traduit par Georges Dalmeyda. 260 $aParis :$bLes Belles Lettres,$c1926. 300 $aXXXIX, 77 p. ;$c21 cm. 490 0 $aCollection des Universités de France 700 1 $aDalmeyda, Georges.$0(OLS)http://semarc/name/65771 830 0$aCollection des Universités de France.$0(OLS)http://semarc/title/6036 850 $aSeMil 852 $aSeMil$W1$xVenegono$y1$m1Z VI 29$j237543$B127950$CSeMilBibl$Z2$F138469 $81 996 $6245$aLes Éphésiaques ou Le roman d'Habrocomès et d'Anthia$9(OLS)http://semarc/title/254373 996 $6260$aParis :$bLes Belles Lettres$9(OLS)http://semarc/publisher/30422